What Do These Crime Show Acronyms Stand For? Quiz Stats

Quiz not verified by Sporcle

Also try: Iconic TV Duos
Challenge
Share
Tweet
Embed
Score 0/30 Timer 10:00
0 Plays Today
Acronym % Correct
FBIFederal Bureau of Investigation
88.1%
PIPrivate Investigator
81%
CIACentral Intelligence Agency
78.6%
DOJDepartment Of Justice
73.8%
MEMedical Examiner
64.3%
SWATSpecial Weapons And Tactics
61.9%
DODDepartment Of Defence
61.9%
ATFBureau of Alcohol, Tobacco, Firearms and Explosives
59.5%
NSANational Security Agency
57.1%
IAInternal Affairs
57.1%
SECNAVSecretary of the Navy
47.6%
SECDEFSecretary of Defence
47.6%
FCCFederal Communications Commission
38.1%
DEADrug Enforcement Administration
31%
CIConfidential Informant
28.6%
Acronym % Correct
SEALSea, Air, Land
19%
CGISCoast Guard Investigative Service
16.7%
ONIOffice of Naval Intelligence
16.7%
MTACMultiple Threat Alert Center
14.3%
CIDArmy Criminal Investigative Division
14.3%
DDOSDistributed Denial Of Service
9.5%
CJCCriminal Justice Center
9.5%
OSPOffice of Special Projects
9.5%
MCRTMajor Case Response Team
7.1%
MTOCMarine Tactical Operations Center
7.1%
CTOCCyber Threat Operations Center
7.1%
DCSDefence Clandestine Service
7.1%
NISNetwork Information Service
7.1%
PSOPersonal Security Operation
7.1%
USOUnited Service Organisations
7.1%

You're not logged in!

Compare scores with friends on all Sporcle quizzes.
Sign Up with Email
OR
Log In

You Might Also Like...

Show Comments

Extras

Top Quizzes Today


Score Distribution

Your Account Isn't Verified!

In order to create a playlist on Sporcle, you need to verify the email address you used during registration. Go to your Sporcle Settings to finish the process.